000
00302nam a22001217a 4500
008
180605b xxu||||| |||| 00| 0 eng d
041
_a
eng
080
_a
043.3
100
_a
0
101
_a
SHKI-MTH
245
_a
Shërbimi Kualitativ në Routing Protokol AD-HOC Rrjetë
_c
Hasani,G.P
942
_2
udc
_c
BK
999
_c
46305
_d
46305